000 00653nam a2200217Ia 4500
005 20221116110018.0
008 131103s9999 xx 000 0 und d
020 _a019562860 8
_cRs.325
040 _aLoreto College
041 _aEnglish
082 _a954.03
_bFIS
245 _aThe politics of the British annexation of India,1757 - 1857
_cedited by Michael H.Fisher
260 _aDelhi
_bOxford University Press
_c1993
300 _axvi,313 p.
440 _aThemes In Indian History
504 _aIncludes bibliographical references
650 _aIndian - Modern History
700 _aFisher, Michael H
_4ed.
850 _aLCLIB
942 _cBK
999 _c9728
_d60207